000 00545cam a2200181 a 4500
020 _a0849916879
040 _cDLC
041 1 _hfre
082 0 0 _a843 LES 2001 C275 Or.
100 1 _aHugo, Victor,
245 1 0 _aVictor Hugo's Les miserables :
_bthe classic story of the Triumph of grace and redemption /
260 _aNashville :
_bWord Pub.,
_cc2001.
300 _avi, 287 p. :
_bill. ;
_c24 cm.
650 0 _aEx-convicts
650 0 _aOrphans
856 4 2 _uhttp://www.loc.gov/catdir/enhancements/fy0612/2001026843-d.html
942 _cAEDBB
999 _c21256
_d21256